Top 15 der betroffenen Covid-19-Länder - 5. Juni - Statistiken

Allgemein
  • Dieses Quiz wurde 19 mal gespielt
  • Das Durchschnittsergebnis liegt bei 15 aus 25
Antwortstatistiken
Land % Korrekt
Brasilien
100%
Deutschland
100%
Frankreich
100%
Spanien
100%
Vereinigte Staaten
100%
Italien
94%
Russland
94%
Indien
83%
Mexiko
83%
Vereinigtes Königreich
83%
Türkei
78%
Belgien
61%
Chile
61%
Chile
61%
Schweden
61%
Iran
44%
Peru
33%
Irland
22%
Katar
22%
Saudi-Arabien
22%
Singapur
22%
Weißrussland
22%
Bahrain
17%
Kuwait
17%
Armenien
0%
Keine übereinstimmenden Quizze gefunden
Verteilung der Resultate
Anzahl Personen mit jedem Resultat
Perzentil nach korrekt beantworteten Fragen
Ihre Resultats-Entwicklung
Sie haben dieses Quiz noch nicht gespielt